Los templarios (Record no. 66488)

MARC details
000 -LEADER
campo de control de longitud fija 00979nam a2200301 i 4500
001 - NÚMERO DE CONTROL
campo de control 66488
003 - IDENTIFICADOR DE NÚMERO DE CONTROL
campo de control ES-MaACL
005 - FECHA Y HORA DE LA ÚLTIMA TRANSACCIÓN
campo de control 20230906165650.0
007 - CAMPO FIJO DE DESCRIPCIÓN FÍSICA--INFORMACIÓN GENERAL
campo de control de longitud fija t|
008 - DATOS DE LONGITUD FIJA--INFORMACIÓN GENERAL
campo de control de longitud fija 021115s2002 ag ||||0| spa d
020 ## - NÚMERO INTERNACIONAL ESTÁNDAR DEL LIBRO
Número Internacional Estándar del Libro 950-15-2127-3
040 ## - FUENTE DE CATALOGACIÓN
Centro catalogador/agencia de origen M-BN
Lengua de catalogación spa
Centro/agencia transcriptor M-BN
080 ## - NÚMERO DE LA CLASIFICACIÓN DECIMAL UNIVERSAL
Número de la Clasificación Decimal Universal 929.71 (091)
100 1# - ENTRADA PRINCIPAL--NOMBRE DE PERSONA
Nombre de persona Read, Piers Paul.
9 (RLIN) 95670
245 14 - MENCIÓN DEL TÍTULO
Título Los templarios
Resto del título : monjes y guerreros /
Mención de responsabilidad, etc. Piers Paul Read ; [traducción, Gerardo Gambolini].
250 ## - MENCION DE EDICION
Mención de edición 2ª ed.
260 ## - PUBLICACIÓN, DISTRIBUCIÓN, ETC.
Lugar de publicación, distribución, etc. Buenos Aires :
Nombre del editor, distribuidor, etc. Javier Vergara Editor,
Fecha de publicación, distribución, etc. 2002 (
Lugar de fabricación/manufactura Barcelona :
Fabricante Liberdúplex)
300 ## - DESCRIPCIÓN FÍSICA
Extensión 399 p., [16] h. de lám :
Otras características físicas map., il. ;
Dimensiones 25 cm.
490 1# - MENCIÓN DE SERIE
Mención de serie Biografía e historia
504 ## - NOTA DE BIBLIOGRAFÍA, ETC.
Nota de bibliografía, etc. Bibliografía: p. 373-376. Indice.
610 24 - PUNTO DE ACCESO ADICIONAL DE MATERIA--NOMBRE DE ENTIDAD CORPORATIVA
Nombre de entidad corporativa o nombre de jurisdicción como elemento de entrada Orden del Temple.
9 (RLIN) 6041
650 14 - PUNTO DE ACCESO ADICIONAL DE MATERIA--TÉRMINO DE MATERIA
Término de materia o nombre geográfico como elemento de entrada Ordenes militares.
9 (RLIN) 15744
700 1# - ENTRADA AGREGADA--NOMBRE PERSONAL
Nombre de persona Gambolini, Gerardo.
9 (RLIN) 53770
830 0# - PUNTO DE ACCESO ADICIONAL DE SERIE-TÍTULO UNIFORME
Título uniforme Biografía e historia
9 (RLIN) 180671
852 ## - LOCALIZACIÓN
Ubicación ES-MaACL
Número de control de estantería L-26957
Sublocalización o colección R.132551
Holdings
Estatus retirado Estado de pérdida Estado de daño No para préstamo Biblioteca de origen Biblioteca actual Ubicación en estantería Fecha de adquisición Fuente de adquisición Total de préstamos Signatura topográfica completa Código de barras Visto por última vez Precio de reemplazo Tipo de ítem Koha
        Biblioteca del Ateneo de Madrid Biblioteca del Ateneo de Madrid Depósito 2 17/01/2008     L-26957 1069650 23/02/2023 23/02/2023 Libro impreso